Introducción al cálculo financiero
Gorde:
| Egile nagusia: | |
|---|---|
| Formatua: | Liburua |
| Hizkuntza: | gaztelania |
| Argitaratua: |
Santiago
Jurídica Conosur
1999
|
| Gaiak: | |
| Etiketak: |
Etiketa erantsi
Etiketarik gabe, Izan zaitez lehena erregistro honi etiketa jartzen!
|
MARC
| LEADER | 00000nam a2200000 a 4500 | ||
|---|---|---|---|
| 001 | UCP7799 | ||
| 003 | CL-VaPUC | ||
| 008 | 991223e19990000CL |||||||||||||||||spa|d | ||
| 020 | |a 9562382095 | ||
| 082 | 0 | 4 | |a 330.0151 |b WEV |2 21 |
| 100 | 0 | |a Wevar Negrier, Jorge |e author |9 437380 | |
| 245 | 1 | 0 | |a Introducción al cálculo financiero |
| 300 | |a 188 p | ||
| 942 | |c BK | ||
| 945 | |d 19991223 00:00:00 |a vberengu | ||
| 260 | |a Santiago |b Jurídica Conosur |c 1999 | ||
| 650 | 0 | |a Apreciación |9 389259 | |
| 650 | 0 | |a Cálculo |9 260234 | |
| 650 | 0 | |a Crédito |9 256211 | |
| 650 | 0 | |a Depreciación |9 358644 | |
| 650 | 0 | |a Matemáticas financieras |9 260347 | |
| 650 | 0 | |a Proyectos de inversión |9 261065 | |
| 650 | 0 | |a Valor económico |9 352307 | |
| 583 | |a last modification |c 19991223 00:00:00 |k Rodrigo Vera | ||
| 999 | |c 284844 |d 284842 | ||
| 952 | |0 0 |1 0 |4 0 |6 330_015100000000000_WEV_1999 |7 0 |8 A |9 329102 |a BIBGIM |b BIBGIM |d 2019-11-20 |i 355595K |l 1 |o 330.0151 WEV 1999 |p 355595K |r 2025-01-15 |s 2022-09-27 |w 2019-11-20 |y BK |k COM | ||
| 952 | |0 0 |1 0 |4 0 |6 330_015100000000000_WEV_1999 |7 0 |8 A |9 329103 |a BIBING |b BIBING |d 2019-11-20 |i 4657128 |o 330.0151 WEV 1999 |p 4657128 |r 2025-01-20 |w 2019-11-20 |y BK |k EII | ||